000 01445nab a22002177a 4500
999 _c5738
_d5738
003 OSt
005 20260101195721.0
008 190514b xxu||||| |||| 00| 0 spa d
040 _cPJ
100 _93618
_aCalá, María Florencia
245 1 0 _aFamilias solidarias o de acogimiento y su voluntad de adoptar. Cuando la socioafectividad y los tiempos del sistema de protección trascienden lo normativo /
_cMaría Florencia Calá.
300 _ap. 129-134
500 _aCita: TR LALEY AR/DOC/3260/2024.
505 _aSumario: I. El caso.— II. Algunas cuestiones procesales. Particularidades de los procesos de familia.— III. El rol de las familias solidarias: su interacción con el sistema integral de protección de derechos y el régimen jurídico de la adopción.— IV. Desfraccionamientos de la mano de dos cuestiones claves: la socioafectividad y el paso del tiempo como factor determinante en la construcción de los vínculos.— V. Reflexiones finales en torno al caso.
505 _aFallo comentado: ST Santiago del Estero ~ 11/07/2024 ~ Subsecretaría de la Niñez, Adolescencia y Familia (SUBNAF) s/ medida excepcional.
650 0 _9967
_aDERECHO DE FAMILIA
650 0 _9974
_aADOPCIÓN
650 0 _91057
_aJURISPRUDENCIA APLICABLE
773 0 _02844
_93222
_dBuenos Aires : AbeledoPerrot, 1989-
_tDerecho de familia. Revista Interdisciplinaria de doctrina y jurisprudencia. Febrero 2025-I.
_z18511201
942 _2udc
_cANA